| 000 | 01030cam a2200193 4500 | ||
|---|---|---|---|
| 001 | ABS64475 | ||
| 008 | 011005n2001 000 0 eng u | ||
| 035 | _a(Sirsi) u115012 | ||
| 245 | _aManagement contracting considered | ||
| 260 | _c2001 | ||
| 490 |
_aContract Journal _v410(6347) 3 October 2001, 25(1) |
||
| 520 | _aLooks at management contracting and suggests that clients are shying away from using this form of procurement. Discusses "De Gruchy Holdings Ltd v House of Fraser (Stores) Ltd", which examined the operation of a management contract where the proper procedures had not been adhered to. Notes the main implication of this case - that the courts will look for a practical resolution to reflect the parties' conduct, despite failure to observe the strict contractual mechanisms. | ||
| 590 | _aABS | ||
| 650 | _aDE GRUCHY HOLDINGS LTD V HOUSE OF FRASER (STORES) LTD | ||
| 650 | _aMANAGEMENT CONTRACTS | ||
| 650 | _aCONTRACT PROCEDURES | ||
| 690 | _aBUILT ENVIRONMENT-BUILDING CONTRACT FORMS | ||
| 942 | _n0 | ||
| 999 |
_c68493 _d68493 |
||